[Event "Rapid 2018"]
[Site "Saint-Petersburg"]
[Date "2018.12.28"]
[Round "14"]
[Board "41"]
[White "Yudin Sergei (RUS)"]
[Black "Yakubboev Nodirbek (UZB)"]
[Result "1-0"]
[LiveChessVersion "1.4.8"]
[BlackElo "2364"]
[WhiteElo "2643"]

1. e4 {[%clk 0:15:17]} c5 {[%clk 0:15:13]} 2. Nf3 {[%clk 0:15:24]} d6
{[%clk 0:15:21]} 3. c3 {[%clk 0:15:32]} Nf6 {[%clk 0:15:29]} 4. h3
{[%clk 0:15:40]} g6 {[%clk 0:14:10]} 5. Bd3 {[%clk 0:15:46]} Bg7 {[%clk 0:10:56]}
6. O-O {[%clk 0:15:52]} d5 {[%clk 0:10:17]} 7. Bb5+ {[%clk 0:15:29]} Nc6
{[%clk 0:09:04]} 8. e5 {[%clk 0:15:15]} Nd7 {[%clk 0:09:02]} 9. d4
{[%clk 0:15:22]} Qb6 {[%clk 0:08:18]} 10. Na3 {[%clk 0:14:30]} a6
{[%clk 0:07:02]} 11. Bxc6 {[%clk 0:13:34]} Qxc6 {[%clk 0:06:46]} 12. Re1
{[%clk 0:13:32]} O-O {[%clk 0:05:43]} 13. Nc2 {[%clk 0:13:37]} b6
{[%clk 0:04:59]} 14. Ne3 {[%clk 0:13:13]} cxd4 {[%clk 0:04:34]} 15. Nxd4
{[%clk 0:12:29]} Qb7 {[%clk 0:04:08]} 16. Nf3 {[%clk 0:11:28]} Nc5
{[%clk 0:03:01]} 17. Nxd5 {[%clk 0:10:06]} Bf5 {[%clk 0:01:56]} 18. Nf4
{[%clk 0:06:53]} Rad8 {[%clk 0:01:18]} 19. Nd4 {[%clk 0:06:58]} Be4
{[%clk 0:00:31]} 20. Qe2 {[%clk 0:05:26]} Bxe5 {[%clk 0:00:13]} 21. b4
{[%clk 0:04:30]} Bxf4 {[%clk 0:00:13]} 22. Bxf4 {[%clk 0:04:38]} Bxg2
{[%clk 0:00:21]} 23. bxc5 {[%clk 0:04:42]} bxc5 {[%clk 0:00:29]} 24. Qg4
{[%clk 0:04:27]} Be4 {[%clk 0:00:18]} 25. Ne6 {[%clk 0:03:33]} h5
{[%clk 0:00:20]} 26. Nxd8 {[%clk 0:03:39]} Rxd8 {[%clk 0:00:29]} 27. Qg3
{[%clk 0:03:39]} c4 {[%clk 0:00:24]} 28. Rad1 {[%clk 0:03:41]} Bd3
{[%clk 0:00:28]} 29. Re3 {[%clk 0:03:13]} Rd7 {[%clk 0:00:29]} 30. Rde1
{[%clk 0:03:21]} Kg7 {[%clk 0:00:11]} 31. Qg5 {[%clk 0:03:22]} f6
{[%clk 0:00:17]} 32. Qh6+ {[%clk 0:03:30]} Kg8 {[%clk 0:00:22]} 33. Rxd3
{[%clk 0:03:21]} cxd3 {[%clk 0:00:31]} 34. Qxg6+ {[%clk 0:03:29]} Kh8
{[%clk 0:00:40]} 35. Qxh5+ {[%clk 0:03:10]} Kg8 {[%clk 0:00:50]} 36. Kh2
{[%clk 0:02:30]} e5 {[%clk 0:00:58]} 37. Bh6 {[%clk 0:02:30]} 1-0

[Event "Rapid 2018"]
[Site "Saint-Petersburg"]
[Date "2018.12.28"]
[Round "14"]
[Board "42"]
[White "Sarana Alexey (RUS)"]
[Black "Kryakvin Dmitry (RUS)"]
[Result "1-0"]
[LiveChessVersion "1.4.8"]
[BlackElo "2529"]
[WhiteElo "2617"]

1. d4 {[%clk 0:15:19]} d5 {[%clk 0:15:19]} 2. Nf3 {[%clk 0:15:28]} Nf6
{[%clk 0:15:28]} 3. c4 {[%clk 0:15:37]} c6 {[%clk 0:15:37]} 4. Nc3
{[%clk 0:15:46]} dxc4 {[%clk 0:15:46]} 5. a4 {[%clk 0:15:55]} a5 {[%clk 0:15:55]}
6. e3 {[%clk 0:15:55]} Bg4 {[%clk 0:16:01]} 7. Bxc4 {[%clk 0:16:03]} e6
{[%clk 0:16:10]} 8. O-O {[%clk 0:16:09]} Bb4 {[%clk 0:16:16]} 9. Qb3
{[%clk 0:15:36]} Bxf3 {[%clk 0:15:57]} 10. gxf3 {[%clk 0:15:45]} Nbd7
{[%clk 0:15:47]} 11. Na2 {[%clk 0:15:40]} Bd6 {[%clk 0:15:11]} 12. Qxb7
{[%clk 0:15:17]} Rb8 {[%clk 0:15:09]} 13. Qa6 {[%clk 0:14:35]} Nd5
{[%clk 0:12:41]} 14. f4 {[%clk 0:12:39]} O-O {[%clk 0:10:28]} 15. Bxd5
{[%clk 0:12:12]} exd5 {[%clk 0:10:19]} 16. Qxc6 {[%clk 0:11:53]} Nf6
{[%clk 0:10:00]} 17. Qc2 {[%clk 0:12:00]} Qd7 {[%clk 0:09:51]} 18. f3
{[%clk 0:12:04]} Rfc8 {[%clk 0:08:45]} 19. Nc3 {[%clk 0:12:12]} Bb4
{[%clk 0:08:53]} 20. Bd2 {[%clk 0:12:16]} Rc6 {[%clk 0:08:29]} 21. Qd3
{[%clk 0:12:11]} Qh3 {[%clk 0:08:06]} 22. Rf2 {[%clk 0:12:10]} Nh5
{[%clk 0:07:43]} 23. Qf1 {[%clk 0:09:38]} Rg6+ {[%clk 0:06:23]} 24. Rg2
{[%clk 0:09:47]} Rbb6 {[%clk 0:05:53]} 25. Rg5 {[%clk 0:09:15]} Qh4
{[%clk 0:04:27]} 26. Qg2 {[%clk 0:09:02]} Be7 {[%clk 0:03:27]} 27. Rg4
{[%clk 0:08:24]} Rxb2 {[%clk 0:02:48]} 28. Ra2 {[%clk 0:06:03]} Rxd2
{[%clk 0:01:34]} 29. Qxd2 {[%clk 0:05:49]} Bb4 {[%clk 0:00:33]} 30. Rxg6
{[%clk 0:05:54]} hxg6 {[%clk 0:00:42]} 31. Qc1 {[%clk 0:06:01]} Nf6
{[%clk 0:00:32]} 32. Rg2 {[%clk 0:05:00]} Qh3 {[%clk 0:00:37]} 33. Na2
{[%clk 0:04:43]} Bf8 {[%clk 0:00:17]} 34. Qd1 {[%clk 0:04:34]} Qe6
{[%clk 0:00:18]} 35. Qb3 {[%clk 0:04:40]} Qa6 {[%clk 0:00:16]} 36. Nc1
{[%clk 0:04:44]} Qe6 {[%clk 0:00:13]} 37. Kf2 {[%clk 0:04:34]} Bd6
{[%clk 0:00:13]} 38. Nd3 {[%clk 0:04:42]} Qh3 {[%clk 0:00:18]} 39. Qc2
{[%clk 0:04:30]} g5 {[%clk 0:00:20]} 40. fxg5 {[%clk 0:04:32]} Nh5
{[%clk 0:00:20]} 41. Qc6 {[%clk 0:03:53]} Bxh2 {[%clk 0:00:25]} 42. Qe8+
{[%clk 0:03:59]} Kh7 {[%clk 0:00:34]} 43. g6+ {[%clk 0:04:01]} fxg6
{[%clk 0:00:43]} 44. Qxg6+ {[%clk 0:04:09]} Kh8 {[%clk 0:00:50]} 45. Qg4 1-0

[Event "Rapid 2018"]
[Site "Saint-Petersburg"]
[Date "2018.12.28"]
[Round "14"]
[Board "43"]
[White "Gasanov Eldar (UKR)"]
[Black "Piorun Kacper (POL)"]
[Result "0-1"]
[LiveChessVersion "1.4.8"]
[BlackElo "2615"]
[WhiteElo "2547"]

1. d4 {[%clk 0:15:15]} Nf6 {[%clk 0:15:12]} 2. c4 {[%clk 0:15:19]} e6
{[%clk 0:15:20]} 3. Nf3 {[%clk 0:15:06]} d5 {[%clk 0:15:28]} 4. e3
{[%clk 0:15:06]} c5 {[%clk 0:15:18]} 5. Nc3 {[%clk 0:14:55]} cxd4
{[%clk 0:15:26]} 6. exd4 {[%clk 0:15:01]} Bb4 {[%clk 0:15:34]} 7. cxd5
{[%clk 0:14:46]} Nxd5 {[%clk 0:15:36]} 8. Bd2 {[%clk 0:14:35]} Nc6
{[%clk 0:15:30]} 9. Bd3 {[%clk 0:14:35]} O-O {[%clk 0:15:25]} 10. O-O
{[%clk 0:14:35]} Nf6 {[%clk 0:15:34]} 11. Bg5 {[%clk 0:14:18]} Be7
{[%clk 0:15:41]} 12. Re1 {[%clk 0:13:48]} Nd5 {[%clk 0:15:16]} 13. Bxe7
{[%clk 0:12:08]} Ncxe7 {[%clk 0:15:23]} 14. Ne5 {[%clk 0:11:45]} Nf6
{[%clk 0:15:03]} 15. Rc1 {[%clk 0:11:23]} Bd7 {[%clk 0:14:12]} 16. Ne4
{[%clk 0:11:17]} Ned5 {[%clk 0:13:11]} 17. Qb3 {[%clk 0:08:57]} b6
{[%clk 0:12:52]} 18. Qa3 {[%clk 0:07:48]} a5 {[%clk 0:11:23]} 19. Qd6
{[%clk 0:06:35]} Ra7 {[%clk 0:10:29]} 20. Ng5 {[%clk 0:06:00]} Qe7
{[%clk 0:07:52]} 21. Ngxf7 {[%clk 0:04:11]} Rxf7 {[%clk 0:07:43]} 22. Qb8+
{[%clk 0:02:53]} Be8 {[%clk 0:07:52]} 23. Nc6 {[%clk 0:02:29]} Qb7
{[%clk 0:04:36]} 24. Qxa7 {[%clk 0:02:13]} Bxc6 {[%clk 0:04:27]} 25. Qxb7
{[%clk 0:02:16]} Bxb7 {[%clk 0:04:35]} 26. Rxe6 {[%clk 0:02:09]} Rd7
{[%clk 0:03:53]} 27. Bb5 {[%clk 0:01:53]} Rd8 {[%clk 0:03:54]} 28. f3
{[%clk 0:01:51]} h5 {[%clk 0:03:14]} 29. h4 {[%clk 0:01:29]} Kf7 {[%clk 0:02:48]}
30. Re5 {[%clk 0:01:35]} g6 {[%clk 0:02:19]} 31. Kf2 {[%clk 0:01:24]} Rd6
{[%clk 0:01:58]} 32. a3 {[%clk 0:00:51]} Nd7 {[%clk 0:01:51]} 33. Ree1
{[%clk 0:00:44]} N7f6 {[%clk 0:01:15]} 34. Rc2 {[%clk 0:00:46]} Rd8
{[%clk 0:01:12]} 35. Rec1 {[%clk 0:00:46]} Kf8 {[%clk 0:00:30]} 36. Re1
{[%clk 0:00:42]} Kf7 {[%clk 0:00:27]} 37. Kg3 {[%clk 0:00:40]} Bc8
{[%clk 0:00:15]} 38. Re5 {[%clk 0:00:43]} Bf5 {[%clk 0:00:18]} 39. Rc6
{[%clk 0:00:40]} Kg7 {[%clk 0:00:11]} 40. Bc4 {[%clk 0:00:40]} Rd7
{[%clk 0:00:15]} 41. b3 {[%clk 0:00:27]} Rd8 {[%clk 0:00:15]} 42. Kf2
{[%clk 0:00:34]} Rd7 {[%clk 0:00:20]} 43. g3 {[%clk 0:00:37]} Rd8
{[%clk 0:00:28]} 44. Bb5 {[%clk 0:00:36]} Kf7 {[%clk 0:00:19]} 45. Be2
{[%clk 0:00:31]} Rd7 {[%clk 0:00:13]} 46. Bc4 {[%clk 0:00:31]} Kg7
{[%clk 0:00:21]} 47. Rc8 {[%clk 0:00:27]} Ne7 {[%clk 0:00:16]} 48. Ra8
{[%clk 0:00:30]} Nc6 {[%clk 0:00:23]} 49. Rb5 {[%clk 0:00:35]} Nxd4
{[%clk 0:00:21]} 50. Rxb6 {[%clk 0:00:43]} Nc2 {[%clk 0:00:12]} 51. Ke2
{[%clk 0:00:30]} Nd4+ {[%clk 0:00:14]} 52. Ke3 {[%clk 0:00:35]} Nc2+
{[%clk 0:00:13]} 53. Kf4 {[%clk 0:00:43]} Rd4+ {[%clk 0:00:20]} 54. Ke5
{[%clk 0:00:25]} Nd7# {[%clk 0:00:29]} 0-1

[Event "Rapid 2018"]
[Site "Saint-Petersburg"]
[Date "2018.12.28"]
[Round "14"]
[Board "44"]
[White "Shaposhnikov Evgeny (RUS)"]
[Black "Vokhidov Shamsiddin (UZB)"]
[Result "1/2-1/2"]
[LiveChessVersion "1.4.8"]
[BlackElo "2304"]
[WhiteElo "2613"]

1. Nf3 {[%clk 0:15:18]} c5 {[%clk 0:15:19]} 2. c4 {[%clk 0:15:26]} Nc6
{[%clk 0:15:28]} 3. d4 {[%clk 0:15:29]} cxd4 {[%clk 0:15:36]} 4. Nxd4
{[%clk 0:15:38]} Nf6 {[%clk 0:15:41]} 5. g3 {[%clk 0:15:40]} g6 {[%clk 0:15:21]}
6. Bg2 {[%clk 0:15:47]} Bg7 {[%clk 0:15:30]} 7. O-O {[%clk 0:15:54]} O-O
{[%clk 0:15:38]} 8. Nc3 {[%clk 0:16:00]} Qa5 {[%clk 0:15:46]} 9. Nb3
{[%clk 0:15:42]} Qh5 {[%clk 0:15:54]} 10. e3 {[%clk 0:15:11]} d6 {[%clk 0:15:31]}
11. Qxh5 {[%clk 0:14:31]} Nxh5 {[%clk 0:15:38]} 12. c5 {[%clk 0:14:18]} Be6
{[%clk 0:14:46]} 13. cxd6 {[%clk 0:13:52]} exd6 {[%clk 0:14:55]} 14. Rd1
{[%clk 0:13:54]} Rfd8 {[%clk 0:14:40]} 15. Nb5 {[%clk 0:13:44]} Bc4
{[%clk 0:13:20]} 16. N5d4 {[%clk 0:13:02]} d5 {[%clk 0:13:01]} 17. Nxc6
{[%clk 0:12:19]} bxc6 {[%clk 0:12:56]} 18. Na5 {[%clk 0:12:28]} Rac8
{[%clk 0:12:54]} 19. Bf3 {[%clk 0:09:24]} Ba6 {[%clk 0:11:32]} 20. Rb1
{[%clk 0:09:29]} Nf6 {[%clk 0:11:37]} 21. b4 {[%clk 0:08:13]} Ne4
{[%clk 0:08:06]} 22. Bb2 {[%clk 0:08:07]} Bb5 {[%clk 0:07:34]} 23. Bxg7
{[%clk 0:08:03]} Kxg7 {[%clk 0:07:43]} 24. Rbc1 {[%clk 0:07:15]} f5
{[%clk 0:07:49]} 25. h4 {[%clk 0:07:00]} Kf6 {[%clk 0:07:51]} 26. Nb7
{[%clk 0:05:03]} Rd7 {[%clk 0:07:48]} 27. Nc5 {[%clk 0:05:11]} Nxc5
{[%clk 0:06:55]} 28. Rxc5 {[%clk 0:05:20]} Rb8 {[%clk 0:06:58]} 29. Rd4
{[%clk 0:04:38]} Ke5 {[%clk 0:06:26]} 30. Bd1 {[%clk 0:04:36]} Rd6
{[%clk 0:05:55]} 31. Bb3 {[%clk 0:04:22]} Be2 {[%clk 0:05:58]} 32. f4+
{[%clk 0:04:07]} Kf6 {[%clk 0:05:53]} 33. Ra5 {[%clk 0:04:04]} Rb7
{[%clk 0:02:42]} 34. Kf2 {[%clk 0:04:11]} Bg4 {[%clk 0:02:45]} 35. Rc5
{[%clk 0:04:02]} Ke7 {[%clk 0:02:40]} 36. a4 {[%clk 0:04:02]} a6 {[%clk 0:02:18]}
37. Bc2 {[%clk 0:03:46]} Re6 {[%clk 0:02:26]} 38. Bd3 {[%clk 0:03:51]} Kd6
{[%clk 0:02:30]} 39. Bxa6 {[%clk 0:02:38]} Ra7 {[%clk 0:02:21]} 40. Ra5
{[%clk 0:02:10]} Re8 {[%clk 0:01:56]} 41. b5 {[%clk 0:01:25]} Kc7
{[%clk 0:01:19]} 42. bxc6 {[%clk 0:01:11]} Rea8 {[%clk 0:01:28]} 43. Raxd5
{[%clk 0:01:00]} Rxa6 {[%clk 0:01:37]} 44. Rd7+ {[%clk 0:01:02]} Kxc6
{[%clk 0:01:41]} 45. R7d6+ {[%clk 0:01:01]} Kc5 {[%clk 0:01:16]} 46. R6d5+
{[%clk 0:01:07]} Kb6 {[%clk 0:01:24]} 47. Rd6+ {[%clk 0:01:07]} Kc7
{[%clk 0:01:08]} 48. Rd7+ {[%clk 0:01:14]} Kc8 {[%clk 0:01:03]} 49. Rd8+
{[%clk 0:01:08]} Kb7 {[%clk 0:01:04]} 50. R8d7+ {[%clk 0:01:14]} Kb6
{[%clk 0:01:10]} 51. R7d6+ {[%clk 0:01:15]} 1/2-1/2

[Event "Rapid 2018"]
[Site "Saint-Petersburg"]
[Date "2018.12.28"]
[Round "14"]
[Board "46"]
[White "Dreev Aleksey (RUS)"]
[Black "Nihal Sarin (IND)"]
[Result "1-0"]
[LiveChessVersion "1.4.8"]
[BlackElo "2173"]
[WhiteElo "2671"]

1. d4 {[%clk 0:15:19]} Nf6 {[%clk 0:15:06]} 2. Nf3 {[%clk 0:15:27]} d5
{[%clk 0:15:07]} 3. c4 {[%clk 0:15:36]} e6 {[%clk 0:15:16]} 4. Nc3
{[%clk 0:15:44]} dxc4 {[%clk 0:15:19]} 5. e4 {[%clk 0:15:50]} b5 {[%clk 0:15:20]}
6. e5 {[%clk 0:15:50]} Nd5 {[%clk 0:15:28]} 7. Nxb5 {[%clk 0:15:59]} Nb6
{[%clk 0:15:37]} 8. Be2 {[%clk 0:16:01]} Be7 {[%clk 0:15:44]} 9. O-O
{[%clk 0:16:09]} Nc6 {[%clk 0:15:53]} 10. Qd2 {[%clk 0:16:11]} O-O
{[%clk 0:15:37]} 11. Qf4 {[%clk 0:16:06]} Rb8 {[%clk 0:14:59]} 12. Qg3
{[%clk 0:15:26]} Kh8 {[%clk 0:15:02]} 13. Rd1 {[%clk 0:15:29]} Na4
{[%clk 0:13:07]} 14. Bxc4 {[%clk 0:13:55]} Ba6 {[%clk 0:12:21]} 15. Nxa7
{[%clk 0:13:18]} Nxa7 {[%clk 0:12:30]} 16. Bxa6 {[%clk 0:13:27]} Nxb2
{[%clk 0:12:39]} 17. Re1 {[%clk 0:12:29]} Qd5 {[%clk 0:11:59]} 18. a4
{[%clk 0:08:28]} c5 {[%clk 0:06:55]} 19. dxc5 {[%clk 0:07:31]} Bxc5
{[%clk 0:07:03]} 20. Ng5 {[%clk 0:06:27]} h6 {[%clk 0:03:04]} 21. Ne4
{[%clk 0:06:35]} Bd4 {[%clk 0:03:13]} 22. Bf4 {[%clk 0:06:16]} Nc6
{[%clk 0:01:31]} 23. Bb5 {[%clk 0:06:23]} Ne7 {[%clk 0:01:24]} 24. Nc3
{[%clk 0:04:01]} Qc5 {[%clk 0:00:51]} 25. Ne4 {[%clk 0:04:08]} Qd5
{[%clk 0:01:01]} 26. Nc3 {[%clk 0:03:34]} Qc5 {[%clk 0:01:09]} 27. Rac1
{[%clk 0:03:43]} Nf5 {[%clk 0:00:47]} 28. Qf3 {[%clk 0:03:51]} Rfc8
{[%clk 0:00:37]} 29. Ne4 {[%clk 0:03:20]} Qb4 {[%clk 0:00:39]} 30. Bd2
{[%clk 0:02:16]} Qe7 {[%clk 0:00:32]} 31. Ng3 {[%clk 0:01:57]} Rxc1
{[%clk 0:00:29]} 32. Rxc1 {[%clk 0:02:02]} Bxe5 {[%clk 0:00:31]} 33. Nxf5
{[%clk 0:02:01]} exf5 {[%clk 0:00:40]} 34. Qxf5 {[%clk 0:02:06]} Qd6
{[%clk 0:00:45]} 35. Be3 {[%clk 0:01:50]} Rd8 {[%clk 0:00:25]} 36. a5
{[%clk 0:01:21]} Nd1 {[%clk 0:00:18]} 37. Bb6 {[%clk 0:01:13]} Qd2
{[%clk 0:00:15]} 38. Rc8 {[%clk 0:00:53]} Qe1+ {[%clk 0:00:14]} 39. Bf1
{[%clk 0:01:02]} Rxc8 {[%clk 0:00:14]} 40. Qxc8+ Kh7 41. Qc2+ {[%clk 0:01:08]} g6
{[%clk 0:00:27]} 42. Qe2 {[%clk 0:01:13]} 1-0

[Event "Rapid 2018"]
[Site "Saint-Petersburg"]
[Date "2018.12.28"]
[Round "14"]
[Board "47"]
[White "Zvjaginsev Vadim (RUS)"]
[Black "Fedoseev Vladimir (RUS)"]
[Result "0-1"]
[LiveChessVersion "1.4.8"]
[BlackElo "2810"]
[WhiteElo "2573"]

1. e4 {[%clk 0:15:18]} c5 {[%clk 0:15:19]} 2. Nc3 {[%clk 0:15:20]} d6
{[%clk 0:15:24]} 3. d4 {[%clk 0:15:23]} cxd4 {[%clk 0:15:31]} 4. Qxd4
{[%clk 0:15:32]} Nc6 {[%clk 0:15:37]} 5. Bb5 {[%clk 0:15:40]} Nf6
{[%clk 0:15:25]} 6. Bg5 {[%clk 0:15:39]} Nd7 {[%clk 0:15:18]} 7. Qd2
{[%clk 0:15:34]} a6 {[%clk 0:15:22]} 8. Be2 {[%clk 0:15:30]} h6 {[%clk 0:15:29]}
9. Be3 {[%clk 0:15:23]} e6 {[%clk 0:15:23]} 10. a4 {[%clk 0:14:27]} b6
{[%clk 0:15:30]} 11. Nf3 {[%clk 0:14:02]} Bb7 {[%clk 0:15:38]} 12. O-O
{[%clk 0:14:07]} Be7 {[%clk 0:15:40]} 13. Rfd1 {[%clk 0:13:25]} Qc7
{[%clk 0:15:42]} 14. Nd4 {[%clk 0:12:07]} Na5 {[%clk 0:15:18]} 15. Ndb5
{[%clk 0:11:07]} axb5 {[%clk 0:15:21]} 16. Nxb5 {[%clk 0:11:16]} Qc6
{[%clk 0:12:42]} 17. Nxd6+ {[%clk 0:11:04]} Qxd6 {[%clk 0:11:46]} 18. Qxd6
{[%clk 0:10:47]} Bxd6 {[%clk 0:11:55]} 19. Rxd6 {[%clk 0:10:55]} Nc6
{[%clk 0:09:07]} 20. Bb5 {[%clk 0:09:51]} Rc8 {[%clk 0:08:57]} 21. Rad1
{[%clk 0:09:30]} Nc5 {[%clk 0:06:46]} 22. Bxc5 {[%clk 0:07:40]} bxc5
{[%clk 0:06:54]} 23. Rd7 {[%clk 0:07:48]} Ba8 {[%clk 0:06:45]} 24. Ra7
{[%clk 0:07:57]} O-O {[%clk 0:06:25]} 25. Rxa8 {[%clk 0:08:04]} Rxa8
{[%clk 0:06:34]} 26. Bxc6 {[%clk 0:08:12]} Rfd8 {[%clk 0:06:32]} 27. Rc1
{[%clk 0:06:39]} Rab8 {[%clk 0:06:10]} 28. b3 {[%clk 0:06:06]} Kf8
{[%clk 0:06:04]} 29. g3 {[%clk 0:05:38]} Ke7 {[%clk 0:06:06]} 30. e5
{[%clk 0:05:29]} Rbc8 {[%clk 0:05:40]} 31. Bb5 {[%clk 0:05:28]} Rd5
{[%clk 0:05:39]} 32. Re1 {[%clk 0:05:34]} Kd8 {[%clk 0:05:17]} 33. Re3
{[%clk 0:05:03]} Kc7 {[%clk 0:05:16]} 34. a5 {[%clk 0:04:44]} Ra8
{[%clk 0:04:44]} 35. a6 {[%clk 0:04:18]} Kb6 {[%clk 0:04:49]} 36. Bd3
{[%clk 0:04:16]} Rad8 {[%clk 0:04:37]} 37. Kf1 {[%clk 0:03:58]} R8d7
{[%clk 0:04:38]} 38. h4 {[%clk 0:03:52]} h5 {[%clk 0:04:12]} 39. Kg2
{[%clk 0:03:21]} Rd4 {[%clk 0:04:07]} 40. Kf3 {[%clk 0:03:19]} Ka5
{[%clk 0:03:53]} 41. Kg2 {[%clk 0:03:03]} R4d5 {[%clk 0:03:47]} 42. Kf3
{[%clk 0:02:56]} Kb4 {[%clk 0:03:15]} 43. Be4 {[%clk 0:02:49]} Rd1
{[%clk 0:03:02]} 44. Bb7 {[%clk 0:02:45]} Ra1 {[%clk 0:03:10]} 45. Ke2
{[%clk 0:01:47]} Rdd1 {[%clk 0:02:50]} 46. Kf3 {[%clk 0:01:27]} Kb5
{[%clk 0:02:32]} 47. Re4 {[%clk 0:01:01]} Kb6 {[%clk 0:02:35]} 48. Rf4
{[%clk 0:00:58]} Rd7 {[%clk 0:02:42]} 49. b4 {[%clk 0:00:58]} Ra3+
{[%clk 0:02:24]} 50. Kg2 {[%clk 0:01:04]} Rc3 {[%clk 0:02:32]} 51. b5
{[%clk 0:00:59]} Rxc2 {[%clk 0:01:41]} 52. Ra4 {[%clk 0:01:03]} Rxb7
{[%clk 0:00:19]} 53. axb7 {[%clk 0:01:10]} Kxb7 {[%clk 0:00:28]} 54. Rf4
{[%clk 0:01:13]} c4 {[%clk 0:00:37]} 55. Rxf7+ Kb6 56. Rxg7 {[%clk 0:00:27]} Re2
{[%clk 0:00:56]} 57. Kf1 {[%clk 0:00:16]} Re4 {[%clk 0:00:56]} 58. f3
{[%clk 0:00:19]} c3 {[%clk 0:01:05]} 59. Rg8 {[%clk 0:00:14]} Rc4
{[%clk 0:01:10]} 60. Ra8 {[%clk 0:00:14]} c2 {[%clk 0:01:18]} 61. Ra1
{[%clk 0:00:23]} Rb4 {[%clk 0:01:01]} 0-1

[Event "Rapid 2018"]
[Site "Saint-Petersburg"]
[Date "2018.12.28"]
[Round "14"]
[Board "48"]
[White "Jones Gawain C B (ENG)"]
[Black "Huzman Alexander (ISR)"]
[Result "1-0"]
[LiveChessVersion "1.4.8"]
[BlackElo "2572"]
[WhiteElo "2655"]

1. e4 {[%clk 0:15:18]} e5 {[%clk 0:15:19]} 2. Nf3 {[%clk 0:15:27]} Nf6
{[%clk 0:15:28]} 3. d4 {[%clk 0:15:27]} Nxe4 {[%clk 0:15:32]} 4. Bd3
{[%clk 0:15:35]} d5 {[%clk 0:15:33]} 5. Nxe5 {[%clk 0:15:43]} Nd7
{[%clk 0:15:36]} 6. O-O {[%clk 0:15:49]} Nxe5 {[%clk 0:15:06]} 7. dxe5
{[%clk 0:15:58]} Nc5 {[%clk 0:15:14]} 8. Be3 {[%clk 0:16:06]} Nxd3
{[%clk 0:14:08]} 9. Qxd3 {[%clk 0:16:14]} c6 {[%clk 0:14:17]} 10. Nd2
{[%clk 0:15:59]} Be7 {[%clk 0:12:54]} 11. f4 {[%clk 0:16:05]} g6 {[%clk 0:13:02]}
12. c3 {[%clk 0:14:49]} Bf5 {[%clk 0:11:51]} 13. Qe2 {[%clk 0:14:57]} Qd7
{[%clk 0:12:00]} 14. Nb3 {[%clk 0:14:35]} b6 {[%clk 0:11:57]} 15. h3
{[%clk 0:14:28]} h5 {[%clk 0:09:54]} 16. Rad1 {[%clk 0:14:25]} c5
{[%clk 0:09:40]} 17. Bf2 {[%clk 0:13:46]} Rd8 {[%clk 0:08:32]} 18. Nd2
{[%clk 0:11:45]} Qa4 {[%clk 0:08:30]} 19. Be3 {[%clk 0:08:36]} d4
{[%clk 0:06:20]} 20. cxd4 {[%clk 0:08:45]} cxd4 {[%clk 0:06:30]} 21. Bf2
{[%clk 0:08:47]} d3 {[%clk 0:06:18]} 22. Qf3 {[%clk 0:08:51]} Qxa2
{[%clk 0:06:08]} 23. Qc6+ {[%clk 0:07:39]} Kf8 {[%clk 0:06:16]} 24. Ra1
{[%clk 0:07:14]} Qe6 {[%clk 0:04:47]} 25. Qxe6 {[%clk 0:07:08]} Bxe6
{[%clk 0:04:56]} 26. Rxa7 {[%clk 0:07:17]} h4 {[%clk 0:03:48]} 27. Bxb6
{[%clk 0:06:50]} Rb8 {[%clk 0:03:25]} 28. Bd4 {[%clk 0:06:57]} Bb4
{[%clk 0:03:01]} 29. Rd1 {[%clk 0:06:47]} Rd8 {[%clk 0:02:08]} 30. Bb6
{[%clk 0:06:36]} Rb8 {[%clk 0:02:04]} 31. Be3 {[%clk 0:06:28]} Kg7
{[%clk 0:02:01]} 32. Nf3 {[%clk 0:06:27]} d2 {[%clk 0:01:40]} 33. Nd4
{[%clk 0:06:03]} Rhe8 {[%clk 0:01:18]} 34. Rc7 {[%clk 0:05:02]} Ba5
{[%clk 0:01:07]} 35. Nxe6+ {[%clk 0:04:55]} Rxe6 {[%clk 0:01:16]} 36. Rc2
{[%clk 0:05:04]} Bb6 {[%clk 0:00:46]} 37. Bxb6 {[%clk 0:04:46]} Rbxb6
{[%clk 0:00:56]} 38. Rdxd2 {[%clk 0:04:25]} Rb4 {[%clk 0:01:05]} 39. Rf2
{[%clk 0:04:23]} Reb6 {[%clk 0:01:10]} 40. Kf1 {[%clk 0:04:24]} Re4
{[%clk 0:01:03]} 41. Rce2 {[%clk 0:04:16]} Rd4 {[%clk 0:01:11]} 42. Ke1
{[%clk 0:03:18]} Rc6 {[%clk 0:00:48]} 43. Rd2 {[%clk 0:03:20]} Re4+
{[%clk 0:00:57]} 44. Kd1 {[%clk 0:03:26]} Rcc4 {[%clk 0:01:03]} 45. Rd7
{[%clk 0:03:15]} Kg8 {[%clk 0:00:52]} 46. f5 {[%clk 0:03:13]} Rxe5
{[%clk 0:00:45]} 47. fxg6 {[%clk 0:03:09]} fxg6 {[%clk 0:00:54]} 48. Rc2
{[%clk 0:02:41]} Re1+ {[%clk 0:00:36]} 49. Kxe1 {[%clk 0:02:49]} Rxc2
{[%clk 0:00:45]} 50. Rd2 {[%clk 0:02:57]} Rc1+ {[%clk 0:00:54]} 51. Ke2
{[%clk 0:03:02]} Kf7 {[%clk 0:01:02]} 52. Kd3 {[%clk 0:03:02]} Ke6
{[%clk 0:01:04]} 53. Rc2 {[%clk 0:03:09]} Rf1 {[%clk 0:00:57]} 54. b4
{[%clk 0:02:59]} g5 {[%clk 0:00:43]} 55. Kc4 {[%clk 0:02:59]} g4 {[%clk 0:00:43]}
56. hxg4 {[%clk 0:03:06]} Rf4+ {[%clk 0:00:52]} 57. Kc5 {[%clk 0:03:13]} Rxg4
{[%clk 0:01:01]} 58. Rd2 {[%clk 0:03:17]} Ke5 {[%clk 0:00:28]} 59. b5
{[%clk 0:03:19]} Rg3 {[%clk 0:00:37]} 60. b6 {[%clk 0:03:21]} Rc3+
{[%clk 0:00:45]} 61. Kb5 {[%clk 0:03:28]} Rb3+ {[%clk 0:00:54]} 62. Kc6
{[%clk 0:03:32]} Kf4 {[%clk 0:01:02]} 63. Rc2 {[%clk 0:03:29]} 1-0